God's eternal purpose revealed, (Record no. 2520)

MARC details
000 -LEADER
fixed length control field 00700cam a2200241 4500
001 - CONTROL NUMBER
control field 4561488
003 - CONTROL NUMBER IDENTIFIER
control field GBCCL
005 - DATE AND TIME OF LATEST TRANSACTION
control field 20241126110431.0
008 - FIXED-LENGTH DATA ELEMENTS--GENERAL INFORMATION
fixed length control field 731009s1973 txua 000 0 eng
010 ## -
-- 73083082
040 ## - CATALOGING SOURCE
Original cataloging agency DLC
Transcribing agency DLC
Modifying agency DLC
050 00 -
-- BT96.2
-- .G64 1973
082 00 - DEWEY DECIMAL CLASSIFICATION NUMBER
Classification number 231.5
Item number GOO
100 1# - MAIN ENTRY--PERSONAL NAME
Personal name Goodwin, Abb L.
9 (RLIN) 5250
245 10 - TITLE STATEMENT
Title God's eternal purpose revealed,
Statement of responsibility, etc. by Abb L. Goodwin.
250 ## - EDITION STATEMENT
Edition statement Rev. ed.
260 ## - PUBLICATION, DISTRIBUTION, ETC.
Place of publication, distribution, etc. Dallas,
Name of publisher, distributor, etc. Crescendo Book Publications
Date of publication, distribution, etc. [1973]
300 ## - PHYSICAL DESCRIPTION
Extent 261 p.
Other physical details illus.
Dimensions 23 cm.
350 ## - PRICE (NR) (BK AM CF MU VM SE) [OBSOLETE]
Price $5.95
650 #0 - SUBJECT ADDED ENTRY--TOPICAL TERM
Topical term or geographic name entry element Providence and government of God
General subdivision Christianity.
9 (RLIN) 2430
906 ## - LOCAL DATA ELEMENT F, LDF (RLIN)
a 7
b cbc
c orignew
d 2
e opcn
f 19
g y-gencatlg
942 ## - ADDED ENTRY ELEMENTS (KOHA)
Source of classification or shelving scheme Dewey Decimal Classification
Koha item type Books
Koha issues (borrowed), all copies 2
Holdings
Withdrawn status Lost status Source of classification or shelving scheme Damaged status Not for loan Home library Current Library Shelving location Date acquired Total checkouts Full call number Barcode Date last seen Date last checked out Copy number Price effective from Koha item type
    Dewey Decimal Classification     GRACE BIBLE COLLEGE GRACE BIBLE COLLEGE Theology 2017-08-22 2 231.5 GOO 001388 2025-05-01 2024-09-19 c.1 2017-08-22 Books
© Grace Bible College Library 2025